LEADER 02516oam 2200673 a 450 001 9910968587203321 005 20161228115003.0 010 $a9781283941600 010 $a1283941600 010 $a9780472028894 010 $a0472028898 024 7 $a10.3998/mpub.4993455 035 $a(CKB)2670000000330403 035 $a(EBL)3415116 035 $a(SSID)ssj0000804865 035 $a(PQKBManifestationID)11956262 035 $a(PQKBTitleCode)TC0000804865 035 $a(PQKBWorkID)10823479 035 $a(PQKB)10492722 035 $a(OCoLC)826660100 035 $a(MdBmJHUP)muse25640 035 $a(MiU)10.3998/mpub.4993455 035 $a(MiAaPQ)EBC3415116 035 $a(EXLCZ)992670000000330403 100 $a20120921d2012 ub 0 101 0 $aeng 135 $aur|n|---||||| 181 $ctxt 182 $cc 183 $acr 200 10$aSpectacles of reform $etheater and activism in nineteenth-century America /$fAmy E. Hughes 205 $a1st ed. 210 1$aAnn Arbor :$cUniversity of Michigan Press,$dc2012. 215 $a1 online resource (261 p.) 300 $aDescription based upon print version of record. 311 08$a9780472118625 311 08$a0472118625 320 $aIncludes bibliographical references (p. 213-234) and index. 327 $aThe body as/in/at the spectacle -- The delirium tremens: spectacular insanity in The drunkard -- The fugitive slave: Eliza's flight in Uncle Tom's cabin -- The railroad rescue: suffrage and citizenship in Under the gaslight -- Afterword: our sensations, our heroes, our freaks. 330 $aReveals the crucial role that spectacle played in American activism and reform movements in the 1800s. 606 $aTheater$zUnited States$xHistory$y19th century 606 $aTheater and society$zUnited States$xHistory$y19th century 606 $aAmerican drama$y19th century$xHistory and criticism 606 $aSpectacular, The, in literature 606 $aSpectacular, The$xHistory$y19th century 615 0$aTheater$xHistory 615 0$aTheater and society$xHistory 615 0$aAmerican drama$xHistory and criticism. 615 0$aSpectacular, The, in literature. 615 0$aSpectacular, The$xHistory 676 $a792.0973/09034 700 $aHughes$b Amy$01799946 712 02$aMichigan Publishing (University of Michigan) 801 0$bMiU 801 1$bMiU 906 $aBOOK 912 $a9910968587203321 996 $aSpectacles of reform$94344379 997 $aUNINA